Managerical accounting / (Record no. 102590)

MARC details
000 -LEADER
fixed length control field 00888nam a22002417a 4500
005 - DATE AND TIME OF LATEST TRANSACTION
control field 20180320101115.0
010 ## - LCCN (DPL NO)
LC control number 1718EN-30 ENG-115788
020 ## - INTERNATIONAL STANDARD BOOK NUMBER
International Standard Book Number 9789352602155
Terms of availability 775.00
020 ## - INTERNATIONAL STANDARD BOOK NUMBER
International Standard Book Number 9352602153
Terms of availability 775.00
035 ## - SYSTEM CONTROL NUMBER
System control number B-683626-637
037 ## - SOURCE OF ACQUISITION
Source of stock number/acquisition BSB
Stock number dpl
037 ## - SOURCE OF ACQUISITION
Source of stock number/acquisition DBAD/PUB
082 ## - DEWEY DECIMAL CLASSIFICATION NUMBER
Classification number 658.1511
100 ## - MAIN ENTRY--PERSONAL NAME
Personal name Garrison,Ray H.
245 ## - TITLE STATEMENT
Title Managerical accounting /
Statement of responsibility, etc by Ray, H.Garrison, Eric, W.Noreen [and] Peter, C.Brewer
250 ## - EDITION STATEMENT
Edition statement 14th ed.
260 ## - PUBLICATION, DISTRIBUTION, ETC. (IMPRINT)
Place of publication, distribution, etc New Delhi
Name of publisher, distributor, etc Mcgraw Hill Education
Date of publication, distribution, etc 2016
270 ## - ADDRESS
Address P-24,Green Park
City New Delhi
Postal code 110016
300 ## - PHYSICAL DESCRIPTION
Extent xxxv,762p. :
Other physical details ill
Dimensions 28cm(pbk)
500 ## - GENERAL NOTE
General note Includes index
942 ## - ADDED ENTRY ELEMENTS (KOHA)
Source of classification or shelving scheme Dewey Decimal Classification
Item type English Books
Classification part 658.1511
Call number suffix GAR
Holdings
Withdrawn status Lost status Not for loan Collection code Home library Current library Date acquired Source of acquisition Cost, normal purchase price Full call number Barcode Copy number Cost, replacement price Koha item type
      Non-fiction Ashok Vihar Ashok Vihar 20/03/2018 BSB/292/30.11.2017/EN/2017-18/641/20.11.2017/14.12.2017 775.00 658.1511 GAR B-683627 1 775.00 English Books
    Not For Loan Non-fiction D.B.Act.Division Bawana 19/08/2016 DBAD/PUB 725.00 658.1511 GAR EN-99320 1 725.00 English Books
      Non-fiction Bawana Bawana 20/03/2018 BSB/292/30.11.2017/EN/2017-18/641/20.11.2017/14.12.2017 775.00 658.1511 GAR B-683635 1 775.00 English Books
      Non-fiction Central Library Central Library 20/03/2018 BSB/292/30.11.2017/EN/2017-18/641/20.11.2017/14.12.2017 775.00 658.1511 GAR B-683626 1 775.00 English Books
      Non-fiction Janak Puri Janak Puri 20/03/2018 BSB/292/30.11.2017/EN/2017-18/641/20.11.2017/14.12.2017 775.00 658.1511 GAR B-683631 1 775.00 English Books
      Non-fiction Kasturba Gandhi Marg Kasturba Gandhi Marg 20/03/2018 BSB/292/30.11.2017/EN/2017-18/641/20.11.2017/14.12.2017 775.00 658.1511 GAR B-683629 1 775.00 English Books
      Non-fiction Narela Narela 20/03/2018 BSB/292/30.11.2017/EN/2017-18/641/20.11.2017/14.12.2017 775.00 658.1511 GAR B-683634 1 775.00 English Books
      Non-fiction Patel Nagar Patel Nagar 20/03/2018 BSB/292/30.11.2017/EN/2017-18/641/20.11.2017/14.12.2017 775.00 658.1511 GAR B-683628 1 775.00 English Books
      Non-fiction Peshwa Road Peshwa Road 20/03/2018 BSB/292/30.11.2017/EN/2017-18/641/20.11.2017/14.12.2017 775.00 658.1511 GAR B-683630 1 775.00 English Books
      Non-fiction R.K.Puram-8 R.K.Puram-8 20/03/2018 BSB/292/30.11.2017/EN/2017-18/641/20.11.2017/14.12.2017 775.00 658.1511 GAR B-683633 1 775.00 English Books
      Non-fiction Sarojini Nagar Sarojini Nagar 20/03/2018 BSB/292/30.11.2017/EN/2017-18/641/20.11.2017/14.12.2017 775.00 658.1511 GAR B-683632 1 775.00 English Books
      Non-fiction Shahdara Branch Shahdara Branch 20/03/2018 BSB/292/30.11.2017/EN/2017-18/641/20.11.2017/14.12.2017 775.00 658.1511 GAR B-683636 1 775.00 English Books
      Non-fiction Yojana Vihar Yojana Vihar 20/03/2018 BSB/292/30.11.2017/EN/2017-18/641/20.11.2017/14.12.2017 775.00 658.1511 GAR B-683637 1 775.00 English Books

© Delhi Public Library
Hit Counter
free hit counter